Develop a technique for the inspection of piston profile and measure piston skirt diameter / (Record no. 607335)
[ view plain ]
| 000 -LEADER | |
|---|---|
| fixed length control field | 01641nam a22001577a 4500 |
| 082 ## - DEWEY DECIMAL CLASSIFICATION NUMBER | |
| Classification number | 621 |
| 100 ## - MAIN ENTRY--PERSONAL NAME | |
| Personal name | Latif, Rehman |
| 245 ## - TITLE STATEMENT | |
| Title | Develop a technique for the inspection of piston profile and measure piston skirt diameter / |
| Statement of responsibility, etc. | Rehman Latif |
| 264 ## - PRODUCTION, PUBLICATION, DISTRIBUTION, MANUFACTURE, AND COPYRIGHT NOTICE | |
| Place of production, publication, distribution, manufacture | Islamabad : |
| Name of producer, publisher, distributor, manufacturer | SMME- NUST; |
| Date of production, publication, distribution, manufacture, or copyright notice | 2023. |
| 300 ## - PHYSICAL DESCRIPTION | |
| Extent | 44p. |
| Other physical details | Soft Copy |
| Dimensions | 30cm |
| 520 ## - SUMMARY, ETC. | |
| Summary, etc. | The purpose of this project is to design and fabricate a Piston Inspection Machine.<br/>It serves as a proof of concept for later versions to be designed for Tractor OEM.<br/>The machine will be able to evaluate the piston profile and measure Diameter of<br/>Piston Skirt. The profile is measured by Holding the piston using a U-block<br/>mechanism that takes the readings over defined intervals. The LVDT sensor is<br/>utilized to take the readings with an accuracy of in microns. The accuracy and<br/>precision requirements are specified by the manufacturing drawings providedby<br/>the OEM. The design of machine components is dictated by the dimensional<br/>constraints rather than stress and loading conditions since most components are<br/>stationary and have light in weight components to hold. The design is optimized<br/>to take readings along the length of the skirt to measure its profile by evaluating<br/>the diameter at specific points. It is mainly due to innovative arrangement that<br/>allows point contact at the length of piston skirt surface and has not been seen in<br/>precision measurement industry |
| 650 ## - SUBJECT ADDED ENTRY--TOPICAL TERM | |
| Topical term or geographic name entry element | MS Mechanical Engineering |
| 700 ## - ADDED ENTRY--PERSONAL NAME | |
| Personal name | Supervisor : Prof. Dr. Riaz Ahmed Mufti |
| 856 ## - ELECTRONIC LOCATION AND ACCESS | |
| Uniform Resource Identifier | <a href="http://10.250.8.41:8080/xmlui/handle/123456789/34363">http://10.250.8.41:8080/xmlui/handle/123456789/34363</a> |
| 942 ## - ADDED ENTRY ELEMENTS (KOHA) | |
| Source of classification or shelving scheme | |
| Koha item type | Thesis |
| Withdrawn status | Permanent Location | Current Location | Shelving location | Date acquired | Full call number | Barcode | Koha item type |
|---|---|---|---|---|---|---|---|
| School of Mechanical & Manufacturing Engineering (SMME) | School of Mechanical & Manufacturing Engineering (SMME) | E-Books | 12/13/2023 | 621 | SMME-TH-868 | Thesis |
